000 00556nam a2200181Ia 4500
005 20250508150718.0
008 008 250505s9999 xx 000 0 eng d
037 _aBooks to be hide in OPAC
040 _aFEDL
_beng
_cFEDL
041 _aeng
_2eng
084 _a942, TRE/O
_qFEDL
100 _aTrevelyan G M
245 0 _aEnglish social history: A survey of six centuries chaucer to queen Victoria
260 _aLondon, UK
_bLongmans, Green and Co.
_c1942
300 _axii,627p.
942 _cHB
_h942, TRE/O
999 _c1325203
_d1325203